Gaming Quiz

Random Gaming or Minecraft Quiz

Landmarks in Minecraft Quiz Stats

 Plays Quiz Updated Jun 20, 2017

Support Sporcle.
Go Orange.
Score 0/25 Timer 05:00
9 Plays Today
% Correct
Statue of Liberty
96.9%
Eiffel Tower
93%
Great Wall of China
77%
White House
76.1%
Palace of Westminster
75.3%
Stonehenge
69.4%
Colosseum
67%
Empire State Building
66.1%
Taj Mahal
61%
Great Sphinx of Giza
60.7%
Sydney Opera House
60.5%
Parthenon
55.4%
Notre Dame de Paris
53.5%
% Correct
Christ the Redeemer
49.4%
Easter Island
44.5%
United States Capitol
36.2%
Brandenburg Gate
34.2%
Willis Tower
33.1%
Arc de Triomphe de l'Étoile
32.6%
Petra
30.9%
Spaceship Earth
25.4%
Chichen Itza
24.4%
St. Basil's Cathedral
22.5%
Petronas Towers
19.3%
Neuschwanstein Castle
13.7%

You're not logged in!

Compare scores with friends on all Sporcle quizzes.
OR
Log In
Forgot?

From the Vault

50 Flicks to Click (1968)

by caramba

2001 looked very distant in 1968.
Remove Ads.
Support Sporcle.
Get the best of Sporcle when you Go Orange. This ad-free experience offers more features, more stats, and more fun while also helping to support Sporcle. Thank you for becoming a member.

Show Comments

Extras

Top Quizzes Today


Score Distribution

Your Account Isn't Verified!

In order to create a playlist on Sporcle, you need to verify the email address you used during registration. Go to your Sporcle Settings to finish the process.

Report this User

Report this user for behavior that violates our Community Guidelines.

Details: